000 00717nam a2200241Ia 4500
003 OSt
005 20240806104201.0
008 210210b2008 xxu||||| |||| 00| 0 eng d
020 _a8188554286
040 _cAL
041 _aHindi
082 _aH891.109 SHAB
100 _aSHARMA (Sanjay Kumar)
_dभक्तिकाव्य की प्रासंगिकता
_9175290
245 _aBhaktikavya ki prasangikata
_bसंजय कुमार शर्मा
260 _aKanpur
_bVidya Prakashan
_c2008
300 _a248
650 _aprasangikatha
_9175291
650 _aki
_9175292
650 _aBhaktikavya
_9175293
690 _aHindi Criticism
_9175294
906 _a063524
942 _2ddc
_cBK
999 _c136856
_d136856